00399nam a2200169Ia 4500008004100000020001800041041000800059082001500067100001100082245003600093260003600129300000900165500001800174500001000192650001600202700001100218230125s9999 xx 000 0 und d a81-7132-192-5 aeng a305.4bDEV aDevi S aWomens status and social change c1999bPointer publisheraJaipur a287p aWemens status aWomen aWomen Study aDevi S